Catálogo

De cero a uno : (Registro nro. 12081)

Detalles MARC
000 -LEADER
fixed length control field 01501cam a2200397 i 4500
001 - CONTROL NUMBER
control field 12081
003 - CONTROL NUMBER IDENTIFIER
control field Mx-PuUPA
005 - DATE AND TIME OF LATEST TRANSACTION
control field 20250217144028.0
008 - FIXED-LENGTH DATA ELEMENTS--GENERAL INFORMATION
fixed length control field 140415s2024 sp ad gr 000 0 spa d
017 ## - COPYRIGHT OR LEGAL DEPOSIT NUMBER
Copyright or legal deposit number B.978-2015
020 ## - INTERNATIONAL STANDARD BOOK NUMBER
International Standard Book Number 9788498753530
040 ## - CATALOGING SOURCE
Transcribing agency Mx-PuUPA
Original cataloging agency Mx-PuUPA
Language of cataloging spa
Modifying agency Mx-PuUPA
Description conventions rda
041 1# - LANGUAGE CODE
Language code of text/sound track or separate title spa
Language code of original eng
100 1# - MAIN ENTRY--PERSONAL NAME
Personal name Thiel, Peter,
Dates associated with a name 1967-
Relator term autor
9 (RLIN) 16720
240 1# - UNIFORM TITLE
Uniform title Zero to one.
Language of a work Español
245 13 - TITLE STATEMENT
Title De cero a uno :
Remainder of title como inventar el futuro /
Statement of responsibility, etc. Peter Thiel con la colaboración de Blake Masters ; traducido por María Maestro
250 ## - EDITION STATEMENT
Edition statement Decimosegunda edición /
Remainder of edition statement septiembre
264 #1 - PRODUCTION, PUBLICATION, DISTRIBUTION, MANUFACTURE, AND COPYRIGHT NOTICE
Place of production, publication, distribution, manufacture Nueva York :
Name of producer, publisher, distributor, manufacturer Gestión 2000,
Date of production, publication, distribution, manufacture, or copyright notice 2024
300 ## - PHYSICAL DESCRIPTION
Extent 174 páginas :
Other physical details ilustraciones, gáficas ;
Dimensions 23 cm
336 ## - CONTENT TYPE
Fuente rdacontent
Content type term texto
Content type code txt
337 ## - MEDIA TYPE
Source rdamedia
Media type term sin medio
Media type code n
338 ## - CARRIER TYPE
Source rdacarrier
Carrier type term volumen
Carrier type code nc
650 #7 - SUBJECT ADDED ENTRY--TOPICAL TERM
9 (RLIN) 13986
Source of heading or term armarc
Topical term or geographic name entry element Incubadoras de empresas
650 #7 - SUBJECT ADDED ENTRY--TOPICAL TERM
Source of heading or term armarc
Topical term or geographic name entry element Emprendedores
650 #7 - SUBJECT ADDED ENTRY--TOPICAL TERM
Source of heading or term armarc
Topical term or geographic name entry element Productos nuevos
650 #7 - SUBJECT ADDED ENTRY--TOPICAL TERM
Source of heading or term armarc
Topical term or geographic name entry element Difusión de innovaciones
650 #7 - SUBJECT ADDED ENTRY--TOPICAL TERM
Source of heading or term armarc
Topical term or geographic name entry element Innovaciones tecnológicas
General subdivision Previsión
650 #7 - SUBJECT ADDED ENTRY--TOPICAL TERM
Source of heading or term armarc
Topical term or geographic name entry element Nuevas empresas
700 1# - ADDED ENTRY--PERSONAL NAME
Personal name Masterm Blake,
Relator term colaborador
700 1# - ADDED ENTRY--PERSONAL NAME
Personal name Maestro, María,
Relator term traductor
765 0# - ORIGINAL LANGUAGE ENTRY
Main entry heading Thiel, Peter, 1967-
Place, publisher, and date of publication Nueva York : Crown Business, 2014
Title Zero to one.
942 ## - ADDED ENTRY ELEMENTS (KOHA)
Source of classification or shelving scheme Dewey Decimal Classification
Koha item type Libro
Classification part 658.11
Item part T42
Existencias
Withdrawn status Lost status Source of classification or shelving scheme Damaged status Not for loan Collection code Home library Current library Shelving location Date acquired Source of acquisition Cost, normal purchase price Total Checkouts Full call number Barcode Date last seen Cost, replacement price Price effective from Koha item type Copy number
    Dewey Decimal Classification     General Biblioteca Karol Wojtyla Biblioteca Karol Wojtyla Sala general 07/02/2025 25 1227.00   658.11 T42 2024 105810 05/01/2026 1227.00 07/02/2025 Libro  
    Dewey Decimal Classification     General Biblioteca Karol Wojtyla Biblioteca Karol Wojtyla Sala general 07/02/2025 25 1227.00   658.11 T42 2024 105811 05/01/2026 1227.00 07/02/2025 Libro Ej.2